| 000 | 00375nam a2200133Ia 4500 | ||
|---|---|---|---|
| 008 | 220204s9999 xx 000 0 und d | ||
| 082 |
_a339.172:338.53 _bWIN |
||
| 245 | 0 | _aPrimary commodity prices: Economic models and policy | |
| 260 |
_aNew York _bCambridge University Press _c1990 |
||
| 650 | _aEconometrics | ||
| 700 | _aL Alan | ||
| 700 | _aSapsford, David | ||
| 942 | _cBK | ||
| 999 |
_c40817 _d40817 |
||